000 00452cam a2200157 4500500
005 20251012032514.0
041 _afre
042 _adc
100 1 0 _aRamón Jiménez, Juan
_eauthor
700 1 0 _a Seé, Bernard
_eauthor
245 0 0 _aLa Música
260 _c2003.
500 _a78
786 0 _nSigila | 11 | 1 | 2003-06-20 | p. 98-99 | 1286-1715
856 4 1 _uhttps://shs.cairn.info/revue-sigila-2003-1-page-98?lang=fr&redirect-ssocas=7080
999 _c1547509
_d1547509